[Event "London Classic 9th"]
[Site "London"]
[Date "2017.12.08"]
[Round "6.3"]
[White "Nakamura, Hikaru"]
[Black "Carlsen, Magnus"]
[Result "1/2-1/2"]
[WhiteElo "2806"]
[BlackElo "2874"]
[Annotator "Saunders, John"]
[PlyCount "145"]
[EventDate "2017.12.01"]
[EventType "tourn"]
[EventRounds "9"]
[EventCountry "ENG"]
[EventCategory "22"]

1. e4 e5 2. Nf3 Nc6 3. d4 exd4 4. Nxd4 Nf6 5. Nxc6 bxc6 6. e5 Qe7 7. Qe2 Nd5 8.
h4 ({Nepomniachtchi and Morozevic are devotees of this kingside thrust.} 8. c4
Ba6 9. b3 g6 {happened in Svidler-Carlsen, Sinquefield Cup, last August and
was drawn.}) 8... Bb7 ({8...d6 or 8...f6 are more usual here. Kramnik tried} 
8... Qe6 {against Nepomniachtchi in a blitz game in July but lost.}) 9. c4 Nb6
10. Rh3 {This is new ground.} Qe6 11. f4 O-O-O 12. a4 {White threatens 13.a5,
forcing the knight back to a8, and then 14.a6, trapping the bishop. Black
finds a tricky reply.} d5 $5 13. a5 Nxc4 14. b3 {White has now trapped the
knight but his development is shaky and his dark squares vulnerable.} Bb4+ 15.
Kf2 {[#]} Nxa5 $5 ({Previous to this appearing on the board, there had been a
multitude of groans as spectators assumed that Black would take a draw with} 
15... Bc5+ 16. Ke1 ({The GMs in the VIP Room also looked at} 16. Kg3 {which
also leads to a draw, except in a more unusual way:} Bg1 $5 17. bxc4 h5 18. Rh1
Qg6+ 19. Kh3 Qf5+ 20. Kg3 Qg6+ {draw}) 16... Bb4+ {repeats the position. But
Carlsen, despite suffering from a cold, decided to be bold and play for a win.
Rashly, as it turned out, but a great boon to the watching spectators who were
able to witness a classic battle between two deadly and resourceful rivals.})
16. Bd2 c5 ({Another way to give up some material would have been} 16... Bc5+
17. Ke1 Nxb3 $5 18. Rxb3 Bb6 {which gives three pawns for a piece.}) 17. Rxa5 (
{Not} 17. Bxb4 $2 cxb4 18. Rxa5 $4 Qb6+ {winning for Black.}) 17... Bxa5 18.
Bxa5 Qf5 19. Nc3 Qxf4+ 20. Kg1 Rhe8 21. Nb5 $1 {Nakamura plays the middlegame
very forcefully.} a6 22. Rf3 Qxe5 {Allowing the queens to come off doesn't
help Black.} 23. Qxe5 Rxe5 24. Bxc7 Ree8 25. Bxd8 Rxd8 26. Na3 Rd7 {[#]} 27.
Bd3 $1 {"From afar I missed his move 27.Bd3," admitted Magnus Carlsen. "Then
it was awful, of course."} Kd8 ({After} 27... g6 28. Rf6 {and the threat to
the a6-pawn is troublesome.}) 28. Bxh7 {Not so much to win a pawn but break up
the kingside.} g6 29. h5 gxh5 30. Rf6 {Black has three pawns for the knight
but he has no real prospect of forcing a pawn through to promotion as they can
so easily be blockaded by White's minor pieces.} Ke7 31. Rb6 Rc7 32. Nc2 a5 33.
Ne3 c4 34. Bc2 Bc6 35. bxc4 dxc4 36. Ra6 (36. Nxc4 $2 Bxg2 {eliminates White's
last pawn and makes the win problematic.}) 36... a4 37. Bxa4 ({At his
interview with Maurice Ashley, Hikaru Nakamura criticised this move,
suggesting that he should have played} 37. Nf5+ {and then 38.Nd4 with what he
thought was an easier way to win. After the text, though there was still a
technical win, he felt it was harder. "I started seeing ghosts."}) 37... Be4
38. Ra5 Ke6 39. Rxh5 c3 40. Bb3+ Kd6 41. Bc2 Bxc2 42. Nxc2 Ke6 43. Kf2 f5 44.
Rh3 {With his compensation whittled down to just one pawn for the knight, I'm
not sure anyone gave much for Carlsen's chances of saving the game.} Ke5 45.
Rd3 Kf4 46. Rd4+ Kg5 47. Kf3 Rc8 48. Ra4 Rc7 49. Ra8 Kf6 50. Ra6+ Kg5 51. Nd4
Rc4 52. Ne6+ Kf6 53. Nf4+ Ke5 54. Nd3+ Kd5 55. Ra2 Kd4 56. Nc1 c2 57. Ra5 Rc3+
58. Kf4 Rc8 {[#]} 59. Rxf5 $2 ({The only winning move for White here is} 59.
Ra3 {but it might not be too hard to find, even for lesser mortals, given its
logic in keeping the black king cut off from the defence.}) 59... Re8 $1 {
Carlsen realised when he had this position on the board that he was moving
towards the draw. His assessment was backed up by the online Norwegian
super-computer that provides analysis of his games in real-time (http://
analysis.sesse.net/).} 60. Rf7 Re1 61. Rd7+ Kc3 62. Rc7+ Kd2 63. Nb3+ Kd3 64.
Nc5+ Kd4 65. Nb3+ Kd3 66. Nc5+ Kd4 67. Nb3+ Kd3 {Around here Carlsen had the
first check of his scoresheet to see if it might have been a threefold
repetition, or perhaps more likely how close the repetition was. Nakamura
nodded his head up and down like the toy dog in the back of a car window,
acknowledging his miss of the win.} 68. g4 Rf1+ 69. Kg5 Rb1 70. Nc5+ Ke3 71.
Nb3 Kd3 ({Obviously not} 71... Rxb3 $4 72. Rxc2 {with a won endgame for White.}
) 72. Nc5+ Ke3 73. Nb3 {Here Carlsen called over the arbiter to say that he
intended to play 73...Kd3, bringing about a threefold repetition (see
position's after Black's 69th and 71st moves). White did not demur but agreed
the draw.} 1/2-1/2

[Event "London Classic 9th"]
[Site "London"]
[Date "2017.12.08"]
[Round "6.4"]
[White "Adams, Michael"]
[Black "Nepomniachtchi, Ian"]
[Result "0-1"]
[WhiteElo "2727"]
[BlackElo "2764"]
[Annotator "Saunders, John"]
[PlyCount "170"]
[EventDate "2017.12.01"]
[EventType "tourn"]
[EventRounds "9"]
[EventCountry "ENG"]
[EventCategory "22"]

1. e4 c5 2. Nf3 d6 3. d4 cxd4 4. Nxd4 Nf6 5. Nc3 a6 6. a4 g6 7. Be2 Bg7 8. O-O
O-O 9. Be3 Nc6 10. Qd2 Nxd4 11. Bxd4 Be6 12. a5 Rc8 13. Rfd1 Qc7 14. h3 Rfe8
15. Ra3 Nd7 16. Bxg7 Kxg7 17. Qd4+ Kg8 18. Rd2 Qc5 19. Qxc5 Rxc5 20. Nd5 Bxd5
21. exd5 b5 22. axb6 Nxb6 23. Rxa6 Nxd5 24. c3 Nc7 25. Rb6 d5 26. Rb7 e6 27.
Rd3 Na8 28. Rd4 Rc7 29. Rdb4 Kg7 30. f4 Ree7 31. Rxc7 Rxc7 32. Rb8 Ra7 33. b4
Nc7 34. b5 Ra8 35. Rb7 Ne8 36. c4 Nd6 37. Rc7 dxc4 38. Bxc4 Ra1+ 39. Kf2 Rc1
40. b6 Nxc4 41. b7 Rb1 42. Rxc4 Rxb7 43. Ra4 h6 44. Ra5 Rb2+ 45. Kf3 Rb3+ 46.
Kf2 Rd3 47. h4 Rd5 48. Ra7 g5 49. hxg5 hxg5 50. fxg5 (50. g3) 50... Rxg5 51. g3
Kg6 52. Kf3 Rf5+ 53. Kg2 Rb5 54. Re7 e5 55. Kf2 f6 56. Re8 Kf5 57. Rf8 Rb3 58.
Kg2 Rb2+ 59. Kf3 Rb3+ 60. Kg2 Ke6 61. Kf2 Ra3 62. Re8+ Kf5 63. Rf8 Ra7 64. Kf3
Rg7 65. Re8 Kg5 66. Re6 Rg8 67. Re7 Kf5 68. Rh7 Ra8 69. Rh5+ Kg6 {[#]} 70. Rh4
$2 ({Instead} 70. g4 {keeps the black king at bay rather better.}) 70... f5 71.
Rb4 Kg5 {I don't have access to a seven-man Lomonosov tablebase but I suspect
White may be gone whatever he does here. But it requires good technique from
Black.} 72. Rb7 e4+ 73. Ke3 Ra3+ $1 74. Kf2 Ra2+ 75. Ke3 Kg4 $1 76. Rg7+ Kh3
77. Rg5 (77. g4 Ra3+ $1 78. Kf4 Rf3+ 79. Ke5 e3 {wins.}) 77... Ra3+ 78. Kf2
Rf3+ $1 79. Ke1 Kg2 80. Ke2 Rf2+ 81. Ke3 Kf1 82. g4 Rf3+ 83. Kd4 e3 {It's all
rather easy now.} 84. Rxf5 Rxf5 85. Kxe3 Rf8 0-1

[Event "London Classic 9th"]
[Site "London"]
[Date "2017.12.08"]
[Round "6.2"]
[White "So, Wesley"]
[Black "Aronian, Levon"]
[Result "1/2-1/2"]
[WhiteElo "2784"]
[BlackElo "2805"]
[Annotator "Saunders, John"]
[PlyCount "75"]
[EventDate "2017.12.01"]
[EventType "tourn"]
[EventRounds "9"]
[EventCountry "ENG"]
[EventCategory "22"]

1. e4 e5 2. Nf3 Nc6 3. Bb5 a6 4. Ba4 Nf6 5. O-O Be7 6. Re1 b5 7. Bb3 O-O 8. a4
{The standard Anti-Marshall, though some Black players find a way to play ...
d7-d5 anyway.} b4 9. d4 d6 10. dxe5 dxe5 11. Nbd2 Bc5 12. a5 Be6 13. Bxe6 (13.
Qe2 Qe7 14. Bc4 Nd4 15. Nxd4 Bxd4 16. Nb3 Rfd8 {was Dominguez-Aronian, from a
Saint Louis blitz game last August, which Black won. The text is a new move.})
13... fxe6 14. Qe2 Ng4 15. Rf1 {[#]} Bxf2+ $5 {So admitted he was by this and
underestimated it. Aronian concocted the idea over the board.} 16. Rxf2 Nd4 17.
Qc4 $6 ({So said that the text move was made on gut instinct but that he
should have preferred} 17. Qd3 {here. Then} Nxf2 18. Kxf2 {and Aronian was
thinking about} b3 $5) 17... Nxf2 18. Kxf2 Qh4+ 19. Kg1 Qg4 {Around here So
started to realise that the position was not so easy to untangle.} 20. h3 Qg3
21. Qd3 {The only move. White's defences are quite stretched.} Rxf3 $5 22. Nxf3
Rf8 23. Nxd4 Qe1+ 24. Kh2 Rf1 25. Qxf1 {Another forced move.} Qxf1 26. Nf3 {
Black has a queen and pawn for rook, bishop and knight, but the evaluation is
far from clear.} ({Wesley later wondered whether} 26. Nb3 {might have been a
better bet, but didn't sound sure. The VIP GMs also agonised over this
difficult choice.}) 26... c5 27. b3 $6 Qd1 $1 {Black wins the c-pawn. Things
are becoming problematic for White.} 28. Bb2 Qxc2 29. Bxe5 Qxb3 30. Rf1 {[#]}
h6 $2 (30... Qc2 $1 {is more to the point, targeting the e4-pawn and also
getting ready to trundle the b-pawn towards the queening square. Perhaps more
importantly it prevents White's plan of playing Rf2 and Rd2, as happened in
the game. Aronian admitted he didn't see 30...Qc2 but at the interview with
Maurice Ashley came up with a line for his opponent, thus:} 31. Kg3 c4 32. Rf2
Qxe4 33. Rd2 Qg6+ 34. Kh2 Qe8 35. Rd4 {which he thought "should be a draw,
somehow. White is too active".}) 31. Rf2 $1 {An important move to co-ordinate
the defences and stop Qc2 happening.} c4 32. Rd2 {Another reason for 31.Rf2
was to relocate the rook safely to the d-file, from where it can counterattack
against the enemy king.} c3 33. Rd8+ Kf7 34. Rc8 Qb1 35. Rc7+ Ke8 36. Rc8+ Kf7
37. Rc7+ Ke8 38. Rc8+ {The position was still very unclear. Discretion was the
better part of value.} 1/2-1/2

[Event "London Classic 9th"]
[Site "London"]
[Date "2017.12.09"]
[Round "7.3"]
[White "Nepomniachtchi, Ian"]
[Black "Anand, Viswanathan"]
[Result "1-0"]
[WhiteElo "2764"]
[BlackElo "2770"]
[Annotator "Saunders, John"]
[PlyCount "73"]
[EventDate "2017.12.01"]
[EventType "tourn"]
[EventRounds "9"]
[EventCountry "ENG"]
[EventCategory "22"]

1. c4 Nf6 2. Nc3 e6 3. Nf3 d5 4. e3 a6 5. b3 Bd6 6. Bb2 O-O 7. g4 $5 {A new
move, according to databases. But one of my colleagues in the press room
laughed at this as he thinks it features in the repertoire of the Dutch IM and
openings iconoclast Manuel Bosboom. The idea is familiar from the Anti-Slav
where White also gambits a g-pawn to open a file against the castled kingside
and maybe gain a tempo or two.} Nxg4 8. Rg1 f5 9. cxd5 e5 10. h3 Nf6 11. Ng5
Qe7 12. Qf3 Kh8 13. Ne6 {"After Kh8, I just blundered like a complete moron
and went Ne6" (Nepomniachtchi). But engines recommend the same move.} Bxe6 14.
dxe6 Qxe6 15. Qxb7 ({After} 15. Bc4 {Nepo originally thought Black had to play
15...Qc8 when 16.Qg2 was his intention, but in fact Black would play} Qd7 {
when Black is fine and if} 16. Qxb7 $2 Nc6 $1 {wins for Black.}) 15... Nbd7 16.
Bc4 ({Nepo regretted the text - "basically this loses a tempo" and thought he
should have played} 16. Qg2) 16... Qe7 17. Qg2 Nb6 18. Be2 a5 19. Bb5 ({
Here Nepo wanted to play} 19. Qg5 {but Black simply reply} a4 {without
worrying about the f5-pawn since} 20. Qxf5 a3 21. Bc1 e4 {forces White back on
the defensive.}) 19... Rad8 ({"With hindsight this move turns out not to be
too great. I think I should have played} 19... e4 {and 20...Be5" (Anand)}) 20.
Qg5 g6 21. Qh6 Ng8 22. Qg5 Nf6 ({Vishy wondered later whether he should have
played} 22... Qxg5 23. Rxg5 {and then simply} Nf6 {rather than overfinessing.
However, Nepo demurred and thought going into an endgame was "so much worse
for Black."}) 23. Rd1 ({Nepo could have gone for a repetition but was
conscious of having made too many draws already.} 23. Qh6) 23... e4 {Now Black
is vulnerable along the long diagonal and to tactics based on it.} 24. Qh6 Rg8
({If} 24... Be5 {Nepo pointed out that White can play} 25. Rxg6 {since} Ng8 $2
{runs into} 26. Re6 $1 {which wins quite attractively:} Qf7 27. Qxf8 $1 Rxf8
28. Rxe5 {when White's powerful pressure along the long diagonal is decisive.})
25. Ne2 Be5 26. Bxe5 Qxe5 {[#]} 27. Nf4 $1 g5 ({Vishy didn't fancy taking the
bait with} 27... Qxb5 28. Nxg6+ Rxg6 29. Rxg6 Rg8 30. Rxg8+ Nxg8 {and now he
thought} 31. Qe6 {would be unpleasant for him. So now he will be a pawn down.})
28. Rxg5 Rxg5 29. Qxg5 Rg8 30. Qh6 Rg7 $6 ({"30...Rg7 is a bit sad but I
realised that I don't have a move here." (Vishy). After} 30... Nbd5 {White has}
31. Bc4 {wins.}) ({After} 30... Nfd5 {Vishy thought} 31. Rc1 {was good but
also 31.Qe6 (which engines prefer).}) ({But Nepo thought Vishy should have
played} 30... Rg1+ {to make the white bishop passive after} 31. Bf1 Nbd7 {
"and I believe it should be equal." (Nepo)}) 31. Bc4 Nxc4 32. bxc4 Qb2 33. Ke2
a4 34. Ne6 Rf7 35. Nf4 Rg7 36. a3 Ne8 $2 ({The game is still not over after} 
36... Qb6 {, though White has forceful tries such as} 37. Rb1 $5 Qxb1 38. Qxf6
h6 39. Qxh6+ Kg8 40. Qe6+ Rf7 41. Qe8+ Rf8 42. Qg6+ Kh8 {and there is still
work to do.}) 37. Qc6 (37. Qc6 {Simply winning a second pawn after} Nd6 38.
Qxa4 {and Black has no viable counterplay.}) 1-0

[Event "London Classic 9th"]
[Site "London"]
[Date "2017.12.09"]
[Round "7.2"]
[White "Carlsen, Magnus"]
[Black "Adams, Michael"]
[Result "1-0"]
[WhiteElo "2874"]
[BlackElo "2727"]
[Annotator "Saunders, John"]
[PlyCount "115"]
[EventDate "2017.12.01"]
[EventType "tourn"]
[EventRounds "9"]
[EventCountry "ENG"]
[EventCategory "22"]

1. f4 d5 2. Nf3 Nf6 3. g3 g6 4. Bg2 Bg7 5. O-O O-O 6. d3 c5 7. c3 Nc6 8. Na3
Re8 9. Nh4 b6 10. e4 dxe4 11. Qa4 ({There is a game on the database which
continues} 11. dxe4 Qxd1 12. Rxd1 e5 13. Nb5 Bg4 14. Rd6 {but it can't have
been part of Carlsen's game plan to allow a queen exchange so early in
proceedings.}) 11... Qxd3 $1 {Adams felt he had no option other than to be
bold here.} 12. Qxc6 Bd7 13. Qc7 {[#]} Ng4 ({Quite good but here computers
advocate} 13... Rec8 14. Qe5 {and now the quiet move} Bc6 $1 {when White's
queen is going to be trapped in the middle of the board. If} 15. Re1 (15. Qxe7
Re8 16. Qc7 Rac8 17. Qxa7 Nd5 $1 {rounds up the queen}) 15... Qd7 {and engines
feel obliged to save the queen by throwing in} 16. Nxg6 hxg6 {, giving the
piece back, and then} 17. Qg5 {but the queen is still locked out of the game
and Black close to winning.}) 14. Re1 Bd4+ (14... Rac8 15. Qxa7 {and now} Bd4+
16. cxd4 Qxd4+ 17. Be3 Nxe3 18. Kh1 Ng4 19. h3 Nf2+ 20. Kh2 e5 {could be good
for Black.}) 15. cxd4 Qxd4+ 16. Be3 Nxe3 17. Qe5 f5 $2 18. Bh3 $2 ({Adams
missed it on his previous move but then noticed} 18. Nf3 $1 exf3 19. Bxf3 Qxe5
20. fxe5 {and White has a material advantage: a piece for two pawns.}) 18...
Nc2+ 19. Qxd4 Nxd4 20. Rxe4 {A bold, almost desperate, stroke from Carlsen but
it doesn't change the assessment of the position unduly. Black is a shade
better.} fxe4 21. Bxd7 Red8 22. Ba4 e5 23. Re1 exf4 24. gxf4 a6 25. Bd1 (25.
Rxe4 b5 26. Bd1 Re8 {favours Black.}) 25... b5 26. Nb1 Nf5 $6 ({Black's play
becomes too static after fixing his pawn structure and White gradually gets on
top. Instead} 26... e3 $5 {maintains active play. If} 27. Rxe3 $4 Nf5 $1 {
and White can't handle all the threats.}) 27. Nxf5 gxf5 28. Kf2 Kf7 29. Be2 Rd6
30. h4 c4 31. a4 Rc8 32. axb5 axb5 33. Na3 Rd5 34. Rc1 Rdc5 35. Nc2 Ra8 36. Ne3
Rac8 37. h5 Ke6 38. h6 Kf6 39. Ra1 b4 40. Ra6+ Ke7 41. Ra7+ Kf6 42. Ke1 b3 (
42... c3 {may be better. The position is probably about equal here.}) 43. Rb7
Ke6 44. Rb6+ Ke7 45. Rb4 R8c6 46. Bxc4 Rxh6 47. Rxb3 Kd8 48. Rb8+ Kc7 49. Rf8
Rh3 50. Nd5+ Kb7 51. Rf7+ {[#]} Kb8 $2 ({After} 51... Kc6 {Black should
probably survive but the long attritional process finally got to the English
GM.}) 52. b3 Rh2 (52... Rh5 53. Nb4 $1 {much as in the game.}) 53. Nb4 $1 Kc8 (
{Rooks move lose to a knight fork, while} 53... Rc8 {is even worse after} 54.
Na6+ Ka8 55. Bd5+ {and mate next move.}) 54. Na6 $1 Rc6 ({If} 54... Ra5 {
the black king is whisked along the back rank conveyor belt to his doom:} 55.
Be6+ Kd8 56. Rd7+ Ke8 57. Nc7+ Kf8 58. Rf7+ Kg8 59. Rxf5+ {winning a rook.})
55. Rf8+ Kb7 (55... Kd7 56. Nb8+ {wins} ({but not} 56. Bb5 $2 Ke7 $1 $11)) 56.
Bd5 Kxa6 57. Bxc6 Kb6 58. Bd7 1-0

[Event "London Classic 9th"]
[Site "London"]
[Date "2017.12.10"]
[Round "8.1"]
[White "Carlsen, Magnus"]
[Black "Nepomniachtchi, Ian"]
[Result "0-1"]
[WhiteElo "2874"]
[BlackElo "2764"]
[Annotator "Saunders, John"]
[PlyCount "80"]
[EventDate "2017.12.01"]
[EventType "tourn"]
[EventRounds "9"]
[EventCountry "ENG"]
[EventCategory "22"]

{The world champion wasn't present in the room as the tournament director made
his introductions to the stage and only arrived as the arbiter was about to
start play.} 1. Nf3 c5 2. c3 {"Magnus Carlsen is likely [to be] the first
world champion to play 1.Nf3 c5 2.c3 with White." (GM Mikhail Golubev's
comment on Carlsen's insipid opening choice)} d5 3. d4 cxd4 4. cxd4 Nc6 5. Nc3
Nf6 6. Bf4 Nh5 7. Bd2 Nf6 8. e3 e6 9. Bd3 Bd6 10. e4 dxe4 11. Nxe4 Be7 12. O-O
O-O {Unsurprisingly the game has transposed into a line of the Exchange Slav
which has been played before..} 13. Qc2 h6 14. Rad1 Bd7 15. a3 Rc8 16. Nc3 (16.
Qb1 {was played in a game in 2012 and ended in a draw.}) 16... a6 17. Qc1 Re8
18. Rfe1 Bf8 19. Bf4 b5 20. Qd2 b4 21. axb4 Nxb4 22. Ne5 Nxd3 23. Qxd3 {[#]} a5
$2 ({"Of course, this was a mistake. It just gives away a tempo." 
(Nepomniachtchi)} 23... Bc6 $5 {is an interesting alternative: if} 24. Qxa6 Ba8
{and Black has some positional compensation for the pawn.}) 24. Qf3 {"Of
course, I saw Qf3 but I couldn't have expected it to be so devastating." 
(Nepomniachtchi)} Bb4 25. Re3 ({Nepomniachtchi thought} 25. Bg3 {would be
"very unpleasant for me... and here I might be ready to play} g5 {at some
point," though not immediately as} 26. Ne4 $3 {would win instantly.}) 25...
Bxc3 26. bxc3 Ba4 27. Ra1 (27. Rc1 {, to stop Black redeploying his
light-squared bishop on the b1-h7 diagonal, would have been better.}) 27... Bc2
28. h3 Bf5 29. g4 {Nepomniachtchi acknowledged in his interview that he "got
into trouble" around here.} Bh7 30. c4 (30. g5 $1 {would have given Black
something to think about. If} Nd5 $6 31. Nxf7 $1 {is hard to meet.}) 30... Nd7
({Black decides not to risk} 30... Qxd4 31. Rd1 Qb2 32. Bxh6 $5 {, which
probably favours White.}) 31. Nc6 $6 ({As Nepomniachtchi came to realise,} 31.
c5 $1 {might be good now as} Nxe5 ({instead Black intended} 31... Nf6 {with
the idea of Nd5, but admitted it might be "double-edged"}) 32. Bxe5 {leaves
Black under pressure.}) 31... Qf6 32. Nxa5 Nb6 {[#]Now the calamity starts to
unfold, like a car crash in slow motion. It may be that Carlsen had not come
to terms with the fact that there is nothing in the position for him and that
it is simply level.} 33. c5 $2 Rxc5 34. dxc5 $2 ({Nepomniachtchi didn't think
of 33.c5 as an outright blunder during the game, when he was more focused on
survival, thinking that White could play} 34. Qb7 Rc2 35. Bg3 {but, even as he
looked at it on Maurice Ashley's demo screen, seemed to come round to the view
that it was actually tricky for White. But recapturing on c5 surely makes it
worse.}) 34... Qxa1+ 35. Kh2 Qxa5 36. Qc6 $4 ({Of course White has to
recapture with} 36. cxb6 Qxb6 {when White is a pawn down, but with reasonable
chances of holding, given that the pawns are all on the one side and the
bishops of opposite colour. Just as previously Carlsen has not come to terms
with the decline in his position, leading to this ghastly blunder.}) {
Nepomniachtchi said he did not see the refutation of Qc6 immediately, but when
it occurred to him, "I was not disappointed."} 36... Qa4 $1 {The looseness of
White's bishop on f4 is Black's trump card here, with the result that White
has no time to complete the recapture of the knight.} 37. Qxa4 Nxa4 38. c6 Nb6
39. c7 f6 40. Rb3 Nc8 0-1